Vista normal
Vista MARC
Entrada Materia (personas)
Número de registros utilizados en: 1
001 - CONTROL NUMBER
- control field: 81490
003 - CONTROL NUMBER IDENTIFIER
- control field: Co-BoUCM
005 - DATE AND TIME OF LATEST TRANSACTION
- control field: 20161101083537.0
008 - FIXED-LENGTH DATA ELEMENTS
- fixed length control field: 161101|| aca||aabn | a|a d
040 ## - CATALOGING SOURCE
- Original cataloging agency: Co-BoUCM
- Transcribing agency: Co-BoUCM
100 ## - HEADING--PERSONAL NAME
- Personal name: Neuman, Andrés
- Dates associated with a name: 1977-
670 ## - SOURCE DATA FOUND
- Source citation: Work cat.: (Co-BoUCM)60630: Neuman, Andrés 1977-, El viajero del siglo, 2009